000 00496nmm a2200157Ia 4500
008 251105s9999||||xx |||||||||||||||||und||
020 _a9786125067104
041 _aspa
100 _aGuzmán, Faustino
245 0 _aMortorius :
_b Muestra de los Maestros Ocultos del Terror y Horror
264 _a[Lima, Peru] :
_bGrupo Editorial Quimérica,
_c2022
300 _a129 páginas
650 _aTeen & Young Adult Fiction
856 _uhttps://public.digitaliapublishing.com/a/160457
942 _cCF
999 _c76056
_d76056